| 000 | 00000nam##2200000za#4500 |
| 001 | 9.598957 |
| 003 | CaOODSP |
| 005 | 20210624204826 |
| 007 | cr ||||||||||| |
| 008 | 150406|1998||||xxc|||||o f|0| 0 fre|d |
| 040 | |aCaOODSP|bfre |
| 043 | |an-cn--- |
| 086 | 1 |aBT31-2/1999-III-20F-PDF |
| 110 | 1 |aCanada. |bConseil du trésor. |
| 245 | 10|aMinistère de la justice, budget des dépenses 1998-1999, un rapport sur les plans et les priorités |h[ressource électronique] |
| 260 | |bSecrétariat du Conseil du Trésor du Canada |c[1998]. |
| 300 | |a50p.|borganigramme, références, tableaux |
| 490 | 1 |aBudget des dépenses 1998-1999. Partie III, Rapport sur les plans et les priorités |v1998-1999 |
| 590 | |a10-09-Supp|b2010-11-02 |
| 775 | 08|tDepartment of Justice, 1998-99 estimates, a report on plans and priorities |w(CaOODSP)9.567630 |
| 776 | 0#|tDepartment of Justice |w(CaOODSP)9.530302 |
| 776 | 0#|tMinistère de la Justice |w(CaOODSP)9.530303 |
| 830 | #0|aBudget des dépenses 1998-1999. Partie III, Rapport sur les plans et les priorités ;|v1998-1999|w(CaOODSP)9.502118 |
| 856 | 40|ahttp://publications.gc.ca|qPDF|s132 Ko|uhttps://publications.gc.ca/collections/Collection/BT31-2-1999-III-20F.pdf|y1998-1999 |